00398 2200157 4500001002100000008004100021035002000062245004700082100001300129250000600142260004800148084001400196082000800210650001000218990001200228INLIS000000000001488 ind  a0010-1124000011 aPadang Ilalang Di Belakang RumahcNh. Dini aNh. Dini a1 aJakarta :bPT. Gramedia Pustaka Utamac2009 a800 DIN p a800 aFiksi a0715317